Oxford very first Atlas : (Record no. 6734)

MARC details
000 -LEADER
fixed length control field 01734nam a22002777a 4500
001 - CONTROL NUMBER
control field 6734
003 - CONTROL NUMBER IDENTIFIER
control field FISKH
005 - DATE AND TIME OF LATEST TRANSACTION
control field 20250813085849.0
008 - FIXED-LENGTH DATA ELEMENTS--GENERAL INFORMATION
fixed length control field 250523b cb ||||| |||| 00| 0 eng d
020 ## - INTERNATIONAL STANDARD BOOK NUMBER
International Standard Book Number 9780198487869
040 ## - CATALOGING SOURCE
Original cataloging agency FISKH
Language of cataloging eng
Transcribing agency FISKH
Modifying agency FISKH
050 ## - LIBRARY OF CONGRESS CALL NUMBER
Classification number PZ7
082 ## - DEWEY DECIMAL CLASSIFICATION NUMBER
Classification number 912
100 ## - MAIN ENTRY--PERSONAL NAME
Personal name Wiegand, Patrick
245 ## - TITLE STATEMENT
Title Oxford very first Atlas :
Remainder of title Includes flage of the world /
Statement of responsibility, etc. Editorial Advisor Dr Patrick Wiegand
250 ## - EDITION STATEMENT
Edition statement This edition published in 2011
260 ## - PUBLICATION, DISTRIBUTION, ETC.
Place of publication, distribution, etc. New York :
Name of publisher, distributor, etc. Oxford University Press,
Date of publication, distribution, etc. 2010
300 ## - PHYSICAL DESCRIPTION
Extent 32 pages :
Other physical details color illustrations ; maps ;
Dimensions 24 cm
505 ## - FORMATTED CONTENTS NOTE
Formatted contents note J<br/>
520 ## - SUMMARY, ETC.
Summary, etc. Have you ever wondered:* What the Earth looks like from space?* How many continents there are?* Where Mount Everest is?Find out in your very first atlas!The Oxford Very First Atlas is a stimulating first atlas for young children. It is completely up-to-date with accurate, easy-to-read and colourful mapping, presented in an accessible visual layout based on research into how young children use maps. It introduces young learners to maps and developsearly atlas skills, encouraging them to talk about local and distant places and to find key places on maps. It includes:* An introduction to the globe and places around the world* Stunning images of the Earth from space* Clear and colourful maps of the world and all the continents.The Oxford Very First Atlas is also accompanied by an Activity Book for independent work to develop map skills and an e-Atlas CD-ROM providing an interactive version of the atlas for whole-class display.
521 8# - TARGET AUDIENCE NOTE
Target audience note 500<br/>
Source Lexile estimate <br/>
521 8# - TARGET AUDIENCE NOTE
Target audience note J<br/>
Source Raz-Plus<br/>
650 ## - SUBJECT ADDED ENTRY--TOPICAL TERM
Topical term or geographic name entry element Earth
Form subdivision Geography
942 ## - ADDED ENTRY ELEMENTS (KOHA)
Source of classification or shelving scheme Dewey Decimal Classification
Koha item type Books
Suppress in OPAC No
Holdings
Withdrawn status Lost status Source of classification or shelving scheme Damaged status Not for loan Collection Home library Current library Shelving location Date acquired Total Checkouts Full call number Barcode Date last seen Copy number Price effective from Koha item type
    Dewey Decimal Classification     Non-Fiction Footprints International School Library Network Toul Kork Campus Footprints International School Library Network Toul Kork Campus TK Primary Library Room(4th Floor), Bookcase 1&2, Shelves 1-16, Dark Blue Books 05/23/2025   WIE 912 PZ7 FISBK072689 05/23/2025 1 05/23/2025 Books
    Dewey Decimal Classification     Non-Fiction Footprints International School Library Network Toul Tom Poung Campus Footprints International School Library Network Toul Tom Poung Campus TTP Primary Dark Blue Bookshelves 06/17/2025   WIE 912 PZ7 FISBK072666 06/17/2025 2 06/17/2025 Books
    Dewey Decimal Classification     Non-Fiction Footprints International School Library Network Toul Tom Poung Campus Footprints International School Library Network Toul Tom Poung Campus TTP Primary Dark Blue Bookshelves 08/13/2025   WIE 912 PZ7 FISBK072643 08/13/2025 3 08/13/2025 Books
    Dewey Decimal Classification     Non-Fiction Footprints International School Library Network Toul Tom Poung Campus Footprints International School Library Network Toul Tom Poung Campus TTP Primary Dark Blue Bookshelves 08/13/2025   WIE 912 PZ7 FISBK072652 08/13/2025 4 08/13/2025 Books